<?xml version="1.0" encoding="UTF-8"?><?xml-stylesheet type="text/xsl" href="static/style.xsl"?><OAI-PMH xmlns="http://www.openarchives.org/OAI/2.0/" xmlns:xsi="http://www.w3.org/2001/XMLSchema-instance" xsi:schemaLocation="http://www.openarchives.org/OAI/2.0/ http://www.openarchives.org/OAI/2.0/OAI-PMH.xsd"><responseDate>2026-04-14T19:38:24Z</responseDate><request verb="GetRecord" identifier="oai:uvadoc.uva.es:10324/31464" metadataPrefix="marc">https://uvadoc.uva.es/oai/request</request><GetRecord><record><header><identifier>oai:uvadoc.uva.es:10324/31464</identifier><datestamp>2021-06-29T22:04:41Z</datestamp><setSpec>com_10324_38</setSpec><setSpec>col_10324_852</setSpec></header><metadata><record xmlns="http://www.loc.gov/MARC21/slim" xmlns:doc="http://www.lyncode.com/xoai" xmlns:xsi="http://www.w3.org/2001/XMLSchema-instance" xmlns:dcterms="http://purl.org/dc/terms/" xsi:schemaLocation="http://www.loc.gov/MARC21/slim http://www.loc.gov/standards/marcxml/schema/MARC21slim.xsd">
<leader>00925njm 22002777a 4500</leader>
<datafield tag="042" ind1=" " ind2=" ">
<subfield code="a">dc</subfield>
</datafield>
<datafield tag="720" ind1=" " ind2=" ">
<subfield code="a">García Herrero, Mariola</subfield>
<subfield code="e">author</subfield>
</datafield>
<datafield tag="260" ind1=" " ind2=" ">
<subfield code="c">2018</subfield>
</datafield>
<datafield tag="520" ind1=" " ind2=" ">
<subfield code="a">Hoy en día son muchas las empresas que invierten su tiempo en entrenar habilidades&#xd;
como la Inteligencia Emocional y el Trabajo en Equipo de sus empleados, pues&#xd;
consideran que es un aspecto clave en el éxito de la organización y de los empleados.&#xd;
Por esta razón, uno de los objetivos de este estudio es analizar la relación entre la&#xd;
Inteligencia Emocional y el Trabajo en Equipo con la Satisfacción y Rendimiento&#xd;
Laboral, factores que tienen cada vez más protagonismo en el mundo empresarial.&#xd;
Para ello, se ha utilizado una metodología cuantitativa, en particular, se ha aplicado un&#xd;
cuestionario a una muestra de hombres y mujeres de entre 18 y 65 años de edad, que&#xd;
recoge información sobre el modo de comportamiento de las personas en diferentes&#xd;
situaciones</subfield>
</datafield>
<datafield tag="024" ind2=" " ind1="8">
<subfield code="a">http://uvadoc.uva.es/handle/10324/31464</subfield>
</datafield>
<datafield ind1=" " ind2=" " tag="653">
<subfield code="a">Satisfacción en el trabajo</subfield>
</datafield>
<datafield ind1=" " ind2=" " tag="653">
<subfield code="a">Inteligencia emocional</subfield>
</datafield>
<datafield ind1=" " ind2=" " tag="653">
<subfield code="a">Equipos de trabajo</subfield>
</datafield>
<datafield tag="245" ind1="0" ind2="0">
<subfield code="a">Trabajo en Equipo, Satisfacción y Rendimiento Laboral</subfield>
</datafield>
</record></metadata></record></GetRecord></OAI-PMH>